000
00230nam a2200097Ia 4500
008
190216s9999||||xx |||||||||||||| ||und||
100
_a
Tyler F
245
0
_a
Laboratory Manual Of Physics
260
_b
Edward Arnold Ltd
942
_c
BK
999
_c
32673
_d
32673